|
|
|
|
| LEADER |
01367nam a2200349 a 4500 |
| 001 |
27912 |
| 003 |
BD-DhAAL |
| 005 |
20140323123821.0 |
| 008 |
140323s2008 bg ar 0 0eng d |
| 020 |
|
|
|a 9789843303738
|
| 040 |
|
|
|a DLC
|c DLC
|d BD-DhAAL
|
| 082 |
0 |
0 |
|a 363.34/095492
|2 21
|
| 999 |
|
|
|c 14216
|d 14216
|
| 999 |
|
|
|c 14215
|
| 999 |
|
|
|c 14214
|
| 999 |
|
|
|c 14214
|
| 999 |
|
|
|c 14214
|
| 999 |
|
|
|c 14213
|
| 999 |
|
|
|c 2887
|
| 245 |
0 |
0 |
|a বাংলাদেশ :
|b দুর্যোগ প্রতিবেদন ২০০৭-২০০৮
|
| 260 |
|
|
|a ঢাকা :
|b দুর্যোগ ফোরাম,
|c ২০০৮
|
| 300 |
|
|
|a ১৩৭ পৃ :
|b চিত্র ;
|c ২৫ সে. মি.
|
| 310 |
|
|
|a বাৎসরিক
|
| 541 |
1 |
|
|e 27912
|
| 650 |
|
0 |
|a Natural disasters
|z Bangladesh
|v Periodicals.
|9 4071
|
| 650 |
|
0 |
|a প্রাকৃতিক দুর্যোগ
|z বাংলাদেশ
|v সাময়িকী
|9 4075
|
| 700 |
|
|
|a ওয়ারা, গওহার নঈম
|9 4073
|
| 700 |
|
|
|9 4074
|
| 710 |
2 |
|
|a দুর্যোগ ফোরাম
|9 4072
|
| 852 |
4 |
|
|a Ayesha Abed Library
|j General Shelf.
|
| 942 |
|
|
|2 ddc
|c BK
|
| 952 |
|
|
|0 0
|1 0
|2 ddc
|4 0
|6 363_340954920000000_BAN
|7 0
|9 24005
|a BRACUL
|b BRACUL
|c GEN
|d 2014-03-23
|e Disaster Forum
|g 350.00
|l 1
|m 1
|o 363.34095492 BAN
|p 3010027912
|r 2015-04-09
|s 2014-12-02
|t 1
|w 2014-03-23
|y BK
|